01070nab a22002177a 4500003000400000005001700004008004100021040000700062100003100069245011000100300001500210500003600225505019300261505013500454650002300589650001500612650002500627650002200652650002900674773014900703OSt20260121000734.0190514b xxu||||| |||| 00| 0 spa d cPJ aRomero, Analía Victoria 10aAlgunos aspectos de la cesión de derechos hereditarios. Vivienda familiar /cAnalía Victoria Romero.  ap. 245-252 aCita: TR LALEY AR/DOC/255/2024. aSumario: I. Antecedentes del caso. Relato de los hechos. Cuestiones relevantes.— II. Inhibición del Juzgado de competencia no familiar.— III. Sentencia.— IV. Comentario del fallo.  tFallo comentado: Juz. Civ. en Flia y Suc., Monteros ~ 30/06/2023 ~ L., B. R. c. S., Y. F. D. V. s/ inhibición y/o excusación. 0aDERECHO DE FAMILIA 0aSUCESIONES 0aCESIÓN DE DERECHOS 0aVIVIENDA FAMILIAR 0aJURISPRUDENCIA APLICABLE0 02844dBuenos Aires : AbeledoPerrot, 1989-tDerecho de familia. Revista Interdisciplinaria de doctrina y jurisprudencia. Abril 2024-II.z18511201